| 000 | 00586nam a2200193Ia 4500 | ||
|---|---|---|---|
| 008 | 191130s2010##################000#0#eng## | ||
| 020 | _a9781441195920 | ||
| 040 |
_aACL _cACL |
||
| 082 | _a152.4 SCO | ||
| 100 | _aScott, Neil | ||
| 245 |
_aThis book has feelings : adventures in the philosophy and psychology of your mind _cNeil Scott; Sandi Mann |
||
| 260 |
_aLondon _bContinuum _c2010 |
||
| 300 | _a160 p. : ill., ports. ; 21 cm | ||
| 650 | _aEmotions (Philosophy) | ||
| 700 | _aMann, Sandi | ||
| 990 | _a3376630eac10000c53bc22366ae1a604 | ||
| 991 | _a438900 | ||
| 999 |
_c78325 _d78325 |
||